MARC

LEADER 00000cam a2200000 a 4500
001 vtls008938171
003 SK-MaSNL
005 20260302084853.0
008 240318s2006 xr g 001 0 cze
020 |a 8024612178  |q (brož.) 
040 |a SNK  |b slo  |c SNK  |e AACR2 
041 1 |a cze  |h fre 
043 |a a------  |a f------ 
044 |a xr  |c CZ 
072 7 |a 94(560/569.5)  |x Dejiny štátov západnej Ázie. Blízky východ  |2 konspekt 
080 |a 2-67  |2 2001 
080 |a 316.48  |2 2001 
080 |a 28-832-184.25  |2 2001 
080 |a 28-769  |2 2001 
080 |a 323.269.6(569.4-076)  |2 2001 
080 |a 327.8:323.28  |2 2001 
080 |a 316.722:28  |2 2001 
080 |a 316.72/.75(1-15)  |2 2001 
080 |a 2-6+316.72/.75  |2 2001 
080 |a 322:28  |2 2001 
080 |a 323  |2 2001 
080 |a (5-15)  |2 2001 
080 |a (6-17)  |2 2001 
080 |a (048.8)  |2 2001 
100 1 |a Kepel, Gilles,  |d 1955-  |4 aut  |9 111291 
240 1 0 |a Fitna: guerre au coeur de l'islam  |l Česky 
245 1 0 |a Válka v srdci islámu  |c Gilles Kepel ; [z franc. orig. přel. Olga a Zdeněk Velíškovi] 
250 |a 1. čes. vyd. 
260 |a Praha  |b Karolinum  |c 2006 
300 |a 294 s.  |c 21 cm 
500 |a Vydavateľ.: Univerzita Karlova v Prahe 
504 |a Obsahuje bibliografiu 
648 7 |a 21. stor.  |2 SNKPH  |9 304714 
650 0 7 |a islamský fundamentalizmus  |2 SNKPH  |9 67273 
650 0 7 |a svätá vojna (islam)  |2 SNKPH  |9 67274 
650 0 7 |a islamská civilizácia  |2 SNKPH  |9 1112 
650 0 7 |a západná civilizácia  |2 SNKPH  |9 1109 
650 0 7 |a Religious conflicts  |2 SNKPHeng  |9 333118 
650 0 7 |a Social conflicts  |2 SNKPHeng  |9 396168 
650 0 7 |a Islamic fundamentalism  |2 SNKPHeng  |9 330265 
650 0 7 |a náboženské konflikty  |2 SNKPH  |9 69636 
650 0 7 |a sociálne konflikty  |2 SNKPH  |9 4478 
650 0 7 |a islam a politika  |2 SNKPH  |9 247546 
650 0 7 |a medzinárodný terorizmus  |2 SNKPH  |9 4294 
650 0 7 |a Holy war (Islam)  |2 SNKPHeng  |9 411620 
650 0 7 |a intifáda  |2 SNKPHeng  |9 4298 
650 0 7 |a International terrorism  |2 SNKPHeng  |9 312210 
650 0 7 |a Islam and politics  |2 SNKPHeng  |9 340177 
650 0 7 |a Islamic civilization  |2 SNKPHeng  |9 109916 
650 0 7 |a Western civilization  |2 SNKPHeng  |9 318969 
650 0 7 |a intifáda  |2 SNKPH  |9 4298 
651 7 |a islamské krajiny  |x náboženské a kultúrne pomery  |2 SNKPH  |9 754571 
651 7 |a islamské krajiny  |x spoločnosť a politika  |2 SNKPH  |9 692363 
651 7 |a Islamic countries  |x religious and cultural conditions  |2 SNKPHeng  |9 754572 
651 7 |a Islamic countries  |x society and politics  |2 SNKPHeng  |9 754573 
655 7 |a štúdie  |2 SNKPH  |9 57033 
655 7 |a Studies  |2 SNKPHeng  |9 265573 
700 1 |a Velíšková, Olga,  |d 1929-2024  |4 trl  |9 244404 
700 1 |a Velíšek, Zdeněk,  |d 1933-  |4 trl  |9 219077 
919 |a 80-246-1217-8 
999 |c 1189608  |d 1191538 
952 |t snkKEP 297:316.4  |a SNKUST  |b SNKUST  |y PREZ  |7 0  |p 17A0567288  |o snkIC 135767  |i snk2007/25498  |8 4  |g 12.88  |0 0  |1 0  |4 0  |d 2007-11-16  |l 0  |r 2025-03-21 00:00:00  |w 2026-02-24